An introduction to agroforestry (Record no. 75042)

MARC details
000 -LEADER
fixed length control field 00366nam a22001337a 4500
020 ## - INTERNATIONAL STANDARD BOOK NUMBER
ISBN 978-9-402-41862-0
082 ## - DEWEY DECIMAL CLASSIFICATION NUMBER
Classification number 630*26
Item number NAI
100 ## - MAIN ENTRY--AUTHOR NAME
Personal name NAIR, P K Ramachandran
245 ## - TITLE STATEMENT
Title An introduction to agroforestry
260 ## - PUBLICATION, DISTRIBUTION, ETC. (IMPRINT)
Place of publication Dodrecht
Name of publisher Springer Science+Business Media
Year of publication 2020
300 ## - PHYSICAL DESCRIPTION
Number of Pages 499p.
650 ## - SUBJECT ADDED ENTRY--TOPICAL TERM
Topical Term Agroforestry systems
-- Soil productivity
942 ## - ADDED ENTRY ELEMENTS (KOHA)
Koha item type Books
Holdings
Withdrawn status Lost status Damaged status Not for loan Home library Current library Date acquired Source of acquisition Full call number Accession Number Koha item type
        RRII Library RRII Library 15/09/2023 Jain Books, New Delhi 630*26 NAI 23593 Books